Statistics for MLB Baseball Best Paid Player Into Regular Season 2022

Click here to take the quiz!

General Stats

  • This quiz has been taken 370 times
    (249 since last reset)
  • The average score is 16 of 30

Answer Stats

TeamPlayer% Correct
Los Angeles AngelsMike Trout
88%
Philadelphia PhilliesBryce Harper
83%
New York MetsMax Scherzer
80%
Houston AstrosJose Altuve
77%
New York YankeesGerrit Cole
76%
San Diego PadresManny Machado
73%
Milwaukee BrewersChristian Yelich
72%
Texas RangersCorey Seager
66%
Cincinnati RedsJoey Votto
66%
Cleveland GuardiansJose Ramirez
66%
Detroit TigersMiguel Cabrera
65%
St. Louis CardinalsNolan Arenado
65%
Minnesota TwinsCarlos Correa
60%
Boston Red SoxChris Sale
59%
Arizona DiamondbacksMadison Bumgarner
59%
Chicago White SoxJosé Abreu
53%
Pittsburgh PiratesRoberto Pérez
53%
Kansas City RoyalsSalvador Perez
53%
Colorado RockiesCharlie Blackmon
51%
Washington NationalsStephen Strasburg
44%
Atlanta BravesCharlie Morton
42%
Toronto Blue JaysGeorge Springer
41%
Seattle MarinersRobbie Ray
41%
Miami MarlinsJorge Soler/Avisail Garcia
35%
Los Angeles DodgersTrevor Bauer
35%
Chicago CubsMarcus Stroman
33%
San Francisco GiantsCarlos Rodón
31%
Baltimore OriolesChris Davis
22%
Tampa Bay RaysKevin Kiermaier
15%
Oakland AthleticsStephen Piscotty
10%

Score Distribution

Percentile by Number Answered

Percent of People with Each Score

Your Score History

You have not taken this quiz since the last reset